Random Base Conversion - Hex to Decimal - Statistics

General Stats
  • This quiz has been taken 45 times
  • The average score is 14 of 20
Answer Stats
Hex Decimal % Correct
1 1
100%
65 101
100%
66 102
100%
6A 106
100%
70 112
100%
73 115
100%
C 12
100%
7A 122
100%
7B 123
100%
7D 125
100%
7F 127
100%
80 128
100%
84 132
100%
87 135
100%
8F 143
100%
90 144
100%
91 145
100%
92 146
100%
94 148
100%
9F 159
100%
10 16
100%
A1 161
100%
A3 163
100%
A8 168
100%
AC 172
100%
AE 174
100%
AF 175
100%
B0 176
100%
B3 179
100%
BA 186
100%
BB 187
100%
BD 189
100%
BF 191
100%
C4 196
100%
C9 201
100%
CA 202
100%
CF 207
100%
D0 208
100%
D2 210
100%
D4 212
100%
D7 215
100%
D9 217
100%
DC 220
100%
DD 221
100%
E9 233
100%
EA 234
100%
ED 237
100%
F2 242
100%
F8 248
100%
19 25
100%
FD 253
100%
1E 30
100%
24 36
100%
28 40
100%
2E 46
100%
30 48
100%
5 5
100%
32 50
100%
34 52
100%
36 54
100%
37 55
100%
38 56
100%
3E 62
100%
41 65
100%
43 67
100%
49 73
100%
4B 75
100%
53 83
100%
56 86
100%
5C 92
100%
5F 95
100%
62 98
100%
75 117
67%
B6 182
67%
C6 198
67%
44 68
67%
67 103
50%
82 130
50%
8D 141
50%
A4 164
50%
A5 165
50%
A6 166
50%
A7 167
50%
B8 184
50%
BE 190
50%
CC 204
50%
D6 214
50%
25 37
50%
26 38
50%
2B 43
50%
31 49
50%
6 6
50%
3C 60
50%
57 87
50%
5E 94
33%
0 0
0%
A 10
0%
64 100
0%
68 104
0%
69 105
0%
6B 107
0%
6C 108
0%
6D 109
0%
B 11
0%
6E 110
0%
6F 111
0%
71 113
0%
72 114
0%
74 116
0%
76 118
0%
77 119
0%
78 120
0%
79 121
0%
7C 124
0%
7E 126
0%
81 129
0%
D 13
0%
83 131
0%
85 133
0%
86 134
0%
88 136
0%
89 137
0%
8A 138
0%
8B 139
0%
E 14
0%
8C 140
0%
8E 142
0%
93 147
0%
95 149
0%
F 15
0%
96 150
0%
97 151
0%
98 152
0%
99 153
0%
9A 154
0%
9B 155
0%
9C 156
0%
9D 157
0%
9E 158
0%
A0 160
0%
A2 162
0%
A9 169
0%
11 17
0%
AA 170
0%
AB 171
0%
AD 173
0%
B1 177
0%
B2 178
0%
12 18
0%
B4 180
0%
B5 181
0%
B7 183
0%
B9 185
0%
BC 188
0%
13 19
0%
C0 192
0%
C1 193
0%
C2 194
0%
C3 195
0%
C5 197
0%
C7 199
0%
2 2
0%
14 20
0%
C8 200
0%
CB 203
0%
CD 205
0%
CE 206
0%
D1 209
0%
15 21
0%
D3 211
0%
D5 213
0%
D8 216
0%
DA 218
0%
DB 219
0%
16 22
0%
DE 222
0%
DF 223
0%
E0 224
0%
E1 225
0%
E2 226
0%
E3 227
0%
E4 228
0%
E5 229
0%
17 23
0%
E6 230
0%
E7 231
0%
E8 232
0%
EB 235
0%
EC 236
0%
EE 238
0%
EF 239
0%
18 24
0%
F0 240
0%
F1 241
0%
F3 243
0%
F4 244
0%
F5 245
0%
F6 246
0%
F7 247
0%
F9 249
0%
FA 250
0%
FB 251
0%
FC 252
0%
FE 254
0%
FF 255
0%
1A 26
0%
1B 27
0%
1C 28
0%
1D 29
0%
3 3
0%
1F 31
0%
20 32
0%
21 33
0%
22 34
0%
23 35
0%
27 39
0%
4 4
0%
29 41
0%
2A 42
0%
2C 44
0%
2D 45
0%
2F 47
0%
33 51
0%
35 53
0%
39 57
0%
3A 58
0%
3B 59
0%
3D 61
0%
3F 63
0%
40 64
0%
42 66
0%
45 69
0%
7 7
0%
46 70
0%
47 71
0%
48 72
0%
4A 74
0%
4C 76
0%
4D 77
0%
4E 78
0%
4F 79
0%
8 8
0%
50 80
0%
51 81
0%
52 82
0%
54 84
0%
55 85
0%
58 88
0%
59 89
0%
9 9
0%
5A 90
0%
5B 91
0%
5D 93
0%
60 96
0%
61 97
0%
63 99
0%
No matching quizzes found
Score Distribution
Percent of People with Each Score
Percentile by Number Answered
Your Score History
You have not taken this quiz